00978 a2200169 45000010006000000050017000060080041000230030015000640400040000790800092001192450212002112640034004233000019004575050270004761000033007467000029007792523520260407155536.0260407a1982 arg spa dAR-UNSa-BCEJYS aAR-UNSa-BCEJYSbspacAR-UNSa-BCEJYS a336.226.111xImpuestos sobre ingresos totales (Ingresos brutos - Convenio Multilateral)10aImpuesto a los ingresos brutospRégimen de las ordenanzas de la Municipalidad de la Ciudad de Buernos Aires y concordancias con las leyes de las provincias de Buenos Aires, Córdoba, Mendoza y Santa Fé. 1aBuenos Aires :bDepalmac1982 a406 p.c23 cm. aParte General : 1. Principios generales - 2. Convenio multilateral - 3. Coparticipación federal - 4. Coparticipación vial - Parte Especial : 1. Hecho generador del impuesto(hecho imponible)- 2. Régimen del impuesto - 3. Procedimiento contencioso - Apéndice.1 aGiuliani Fonrouge, Carlos M.1 aNavarrine, Susana Camila